| 000 | 00910nam a22002177a 4500 | ||
|---|---|---|---|
| 999 |
_c2152 _d2152 |
||
| 003 | AR-CdUCM | ||
| 008 | 190304b ||||| |||| 00| 0 spa d | ||
| 040 |
_aMUNICIPALIDAD PROVINCIAL DEL CUSCO _cBIBLIOTECA MUNICIPAL DEL CUSCO |
||
| 082 |
_a333.09 / _bN98 |
||
| 100 |
_aNúñez Anavitarte, Carlos _97771 |
||
| 245 |
_aLa revolución agraria china : _bAnálisis de un proceso económico-social / |
||
| 260 |
_aCusco : _bEdit. Garcilaso, _c1969. |
||
| 300 |
_a178 paginas; _c22 cm. |
||
| 505 | _aContenido: De la economía feudal a la economía individual campesina --De la economía individual campesina a la economía corporativa socialista --De la economía corporativa socialista a la economía comunal ... | ||
| 650 |
_aReforma agraria _91861 |
||
| 650 |
_aOrganización económico social _97772 |
||
| 650 |
_aRevolución agraria _97773 |
||
| 650 |
_aChina _9843 |
||
| 942 |
_2ddc _cLIBROS |
||
| 945 | _arjall | ||